Normal view
MARC view
- Tüketici Hukuku Konferansı
Entry Meeting Name
001 - CONTROL NUMBER
- control field: 152054
003 - CONTROL NUMBER IDENTIFIER
- control field: TR-AnTOB
005 - DATE AND TIME OF LATEST TRANSACTION
- control field: 20260122145900.0
008 - FIXED-LENGTH DATA ELEMENTS
- fixed length control field: 260122n|eazannaab| |n aaa d
040 ## - CATALOGING SOURCE
- Original cataloging agency: TR-AnTOB
- Transcribing agency: TR-AnTOB
111 2# - HEADING--MEETING NAME
- Meeting name or jurisdiction name as entry element: Tüketici Hukuku Konferansı
- Date of meeting: (2015 :
- Location of meeting: Ankara, Türkiye)



